000 00314nam a2200097Ia 4500
008 220204s9999 xx 000 0 und d
082 _a339.1:633.83(94)
_bREP
245 0 _aReport of the Indian spice trade delegation to Australia Fiji Is and New Zealand 1965
260 _aErnakulam
_bSpices Export
_c1965
942 _cBK
999 _c22341
_d22341